| 000 | 004250000a22001690004500 | ||
|---|---|---|---|
| 003 | MACL | ||
| 005 | 20160109173130.0 | ||
| 008 | 160109b xxu||||| |||| 00| 0 eng d | ||
| 040 |
_aMACL _cMACL |
||
| 041 | _aEnglish | ||
| 082 | _a910/FRA | ||
| 100 |
_aFraser, John Foster _930657 |
||
| 245 | _aRound the World on a wheel | ||
| 260 |
_bThomas Nelson and Sons _aLondon |
||
| 650 |
_aTravel _930658 |
||
| 942 |
_cBK _k910/FRA _2ddc |
||
| 999 |
_c37229 _d37229 |
||